Countries most similar to Malta - Statistics

General Stats
  • This quiz has been taken 64 times
  • The average score is 11 of 20
Answer Stats
Rank Country % Correct
2 Italy
98%
14 Spain
95%
3 Greece
91%
1 Cyprus
86%
13 Portugal
84%
18 Albania
68%
17 Croatia
68%
4 San Marino
66%
5 Vatican City
64%
15 Montenegro
59%
7 Andorra
54%
16 Slovenia
52%
6 Monaco
48%
19 Israel
45%
20 Lebanon
43%
9 Luxembourg
36%
8 Liechtenstein
34%
10 Seychelles
11%
12 Iceland
9%
11 Mauritius
7%
No matching quizzes found
Score Distribution
Percent of People with Each Score
Percentile by Number Answered
Your Score History
You have not taken this quiz